| 000 | 00563nam a22002057a 4500 | ||
|---|---|---|---|
| 005 | 20220922134813.0 | ||
| 008 | 220922b ||||| |||| 00| 0 eng d | ||
| 020 | _a9789382976172 | ||
| 040 |
_aIN-DiNC _cIN-DiNC |
||
| 041 | _deng | ||
| 082 |
_a301 _bSEN |
||
| 100 |
_aSen, Arpita Dutta _eauthor |
||
| 245 |
_aIntroduction to sociology-I/ _cby Arpita Dutta Sen and Sanjay Sen |
||
| 250 | _a1st ed. | ||
| 260 |
_aGolaghat: _bSaraswati, _c2020. |
||
| 300 | _a199p. | ||
| 650 | _aBasic concepts of sociology | ||
| 700 |
_aSen, Sanjay _eauthor |
||
| 942 |
_2ddc _cBK |
||
| 999 |
_c11393 _d11393 |
||